| 000 | 01115cam a2200325 a 4500 | ||
|---|---|---|---|
| 999 |
_c329799 _d329799 |
||
| 001 | 12661258 | ||
| 003 | NUST | ||
| 005 | 20170523120322.0 | ||
| 008 | 011113s2001 pk 000 0 eng | ||
| 010 | _a 2001288976 | ||
| 020 | _a9693511166 | ||
| 025 | _aP-E-2001288976; 07 | ||
| 035 | _a(DLC) 2001288976 | ||
| 040 |
_aDLC _cDLC _dDLC |
||
| 042 | _alcode | ||
| 043 | _aa-ii--- | ||
| 050 | 0 | 0 |
_aDS485.K182 _bG39 2001 |
| 082 | 0 | 0 |
_a954.552 GAZ _221 |
| 245 | 0 | 0 | _aGazetteer of the Kangra District, 1883-84. |
| 246 | 1 | 3 | _aKangra District |
| 260 |
_aLahore : _bSang-e-Publications, _c2001. |
||
| 300 |
_a2 v. ; _c24 cm. |
||
| 500 | _aReproduction of original t.p. | ||
| 500 | _a"Originally published under the authority of the Punjab Government"--Original t.p. | ||
| 505 | 1 | _aVol. 1. Kangra proper -- v. 2. Kulu, Lahaul, and Spiti. | |
| 651 | 0 |
_aKāngra (India : District) _91300 |
|
| 906 |
_a7 _bcbc _corigode _d2 _encip _f20 _gy-gencatlg |
||
| 942 |
_2ddc _cBK |
||